000 00301nam a22001337a 4500
008 170204b xxu||||| |||| 00| 0 eng d
020 _a9780071790277
041 _aeng
080 _23RD
_a61
100 _a3
101 _aSHM
245 _aCHOOSING A MEDICAL SPECIALTY
_cFREEMAN, B.S
942 _2udc
_cBK
999 _c4610
_d4610